[Event "Scarborough CC Winter End U1800"]
[Site "Toronto"]
[Date "2012.03.15"]
[Round "5"]
[White "Tismenko, Dennis"]
[Black "Maister, Martin"]
[Result "0-1"]
[WhiteElo "1401"]
[BlackElo "1727"]
[PlyCount "136"]
[EventDate "2012.02.16"]
[EventType "swiss"]
[EventRounds "5"]
[EventCountry "CAN"]
[SourceTitle "EXT 2022"]
[Source "ChessBase"]
[SourceDate "2021.10.06"]
[SourceVersion "1"]
[SourceVersionDate "2021.10.06"]
[SourceQuality "1"]

1. e4 c5 2. Nc3 Nc6 3. f4 g6 4. Nf3 Bg7 5. Bc4 a6 6. a4 e6 7. 0-0 Nge7 8. d3 0-0 9. Bb3 d5 10. Qe1 Nd4 11. Nxd4 cxd4 12. Ne2 dxe4 13. dxe4 Nc6 14. Qg3 Na5 15. Ba2 Bd7 16. f5 exf5 17. exf5 Qb6 18. fxg6 hxg6 19. Kh1 Be6 20. Bxe6 Qxe6 21. Qd3 Rfd8 22. Bg5 Rd7 23. Ng3 f5 24. Rae1 Qc6 25. b3 Rc8 26. Re2 Qc3 27. Rd1 Qxd3 28. Rxd3 Rdc7 29. Bd2 Nc6 30. Bf4 Rd7 31. c3 Bf6 32. cxd4 Rxd4 33. Rxd4 Nxd4 34. Rb2 Ne6 35. Rf2 Nxf4 36. Rxf4 Be5 37. Rf3 Rc1+ 38. Rf1 Rc3 39. Rf3 Rc2 40. Kg1 Kf7 41. Kf1 Ke6 42. Rf2 Rc1+ 43. Ke2 Bxg3 44. hxg3 Rc2+ 45. Ke1 Rxf2 46. Kxf2 b5 47. axb5 axb5 48. Ke3 Ke5 49. Kd3 Kd5 50. Kc3 Kc5 51. b4+ Kd5 52. Kd3 g5 53. Kc3 Ke4 54. Kc2 Kd4 55. Kb3 Kd3 56. Ka2 Kc3 57. Ka3 Kc4 58. Ka2 Kxb4 59. g4 fxg4 60. Kb2 Kc4 61. Kc2 b4 62. g3 Kd4 63. Kb3 Ke3 64. Kxb4 Kf3 65. Kc3 Kxg3 66. Kd2 Kf2 67. Kd3 g3 68. Ke4 g2 0-1

[Event "Scarborough CC Winter End U1800"]
[Site "Toronto"]
[Date "2012.02.23"]
[Round "2"]
[White "Verde, Pino"]
[Black "Maister, Martin"]
[Result "0-1"]
[WhiteElo "1607"]
[BlackElo "1711"]
[PlyCount "70"]
[EventDate "2012.02.16"]
[EventType "swiss"]
[EventRounds "5"]
[EventCountry "CAN"]
[SourceTitle "EXT 2022"]
[Source "ChessBase"]
[SourceDate "2021.10.06"]
[SourceVersion "1"]
[SourceVersionDate "2021.10.06"]
[SourceQuality "1"]

1. e4 c5 2. Nf3 d6 3. d4 cxd4 4. Nxd4 Nf6 5. Nc3 a6 6. g3 g6 7. Be3 Bg7 8. f4 Nc6 9. Bg2 0-0 10. Nxc6 bxc6 11. e5 Ng4 12. Qe2 Nxe3 13. Qxe3 Qc7 14. exd6 exd6 15. 0-0-0 Bg4 16. Rde1 Rab8 17. h3 Bd7 18. Qd3 Qb6 19. b3 Qb4 20. Nb1 Qa5 21. a3 d5 22. b4 Qb6 23. Bf1 a5 24. c3 axb4 25. axb4 Bf5 26. Qd2 c5 27. b5 c4 28. Qxd5 Qf2 29. Re2 Qxg3 30. Rd2 Bxb1 31. Kxb1 Qxc3 32. Bxc4 Ra8 33. Ba2 Qa1+ 34. Kc2 Qxa2+ 35. Kd1 Qxd5 0-1

[Event "Scarborough CC Frost U1800"]
[Site "Toronto"]
[Date "2012.01.26"]
[Round "4"]
[White "Bellomo, Joe"]
[Black "Maister, Martin"]
[Result "0-1"]
[WhiteElo "1568"]
[BlackElo "1718"]
[PlyCount "82"]
[EventDate "2012.01.05"]
[EventType "swiss"]
[EventRounds "6"]
[EventCountry "CAN"]
[SourceTitle "EXT 2022"]
[Source "ChessBase"]
[SourceDate "2021.10.06"]
[SourceVersion "1"]
[SourceVersionDate "2021.10.06"]
[SourceQuality "1"]

1. e4 c5 2. Nf3 d6 3. d4 cxd4 4. Nxd4 Nf6 5. Nc3 a6 6. Be2 e5 7. Nb3 Be7 8. 0-0 Be6 9. Kh1 d5 10. exd5 Nxd5 11. Nxd5 Qxd5 12. Qe1 Nc6 13. Be3 Nb4 14. Bd1 0-0 15. a3 Nc6 16. Bf3 e4 17. Be2 Qe5 18. f4 exf3 19. Rxf3 Qxb2 20. Bd3 Qe5 21. Qg1 Rad8 22. Bf4 Qb2 23. Bc1 Qe5 24. Bf4 Qh5 25. Re1 Bd5 26. Be4 Bxe4 27. Rxe4 Bxa3 28. Qa1 Qd5 29. Re1 Bb4 30. Ref1 f6 31. Qb1 Rfe8 32. Rh3 Qe4 33. Rhf3 a5 34. Qa2 Qc4 35. Qb1 a4 36. Na1 Rd7 37. h3 Nd4 38. Rd3 Bc3 39. Rfd1 Bxa1 40. Qxa1 Nxc2 41. Qc1 Rxd3 0-1

[Event "Scarborough CC Falling Leaves U1800"]
[Site "Toronto"]
[Date "2011.11.03"]
[Round "1"]
[White "Maister, Martin"]
[Black "Tismenko, Dennis"]
[Result "1-0"]
[WhiteElo "1626"]
[BlackElo "1435"]
[PlyCount "75"]
[EventDate "2011.11.03"]
[EventType "swiss"]
[EventRounds "7"]
[EventCountry "CAN"]
[SourceTitle "EXT 2022"]
[Source "ChessBase"]
[SourceDate "2021.10.06"]
[SourceVersion "1"]
[SourceVersionDate "2021.10.06"]
[SourceQuality "1"]

1. e4 c5 2. g3 g6 3. Bg2 Bg7 4. Nf3 d6 5. 0-0 Nc6 6. Nc3 Nf6 7. d3 0-0 8. Be3 Bd7 9. Qd2 Ng4 10. Rad1 Nxe3 11. fxe3 Qb6 12. Rb1 Be6 13. a3 Bh6 14. Qf2 c4 15. d4 f5 16. Qe2 fxe4 17. Nxe4 d5 18. Nc5 Bg4 19. h3 Bf5 20. Nh4 Qc7 21. Nxf5 Rxf5 22. Rxf5 gxf5 23. Bxd5+ Kh8 24. Qf3 Rf8 25. Ne6 Qd7 26. Nxf8 Bxf8 27. Bxc4 Nxd4 28. Qd1 b5 29. Bf1 Bg7 30. exd4 Bxd4+ 31. Kh2 f4 32. gxf4 Qd6 33. Qf3 Qg6 34. Bd3 Qf6 35. c3 Be5 36. Rf1 Bd6 37. Qe4 Qg7 38. Rg1 1-0

[Event "Canadian op 48th U2000"]
[Site "Toronto"]
[Date "2011.07.13"]
[Round "5"]
[White "Maister, Martin"]
[Black "Garel, Richard"]
[Result "0-1"]
[WhiteElo "1733"]
[BlackElo "1942"]
[PlyCount "32"]
[EventDate "2011.07.09"]
[EventType "swiss"]
[EventRounds "9"]
[EventCountry "CAN"]
[SourceTitle "EXT 2022"]
[Source "ChessBase"]
[SourceDate "2021.10.06"]
[SourceVersion "1"]
[SourceVersionDate "2021.10.06"]
[SourceQuality "1"]

1. c4 e5 2. Nc3 Nf6 3. g3 Nc6 4. Bg2 Bb4 5. Nd5 Bc5 6. e3 d6 7. b4 Nxd5 8. bxc5 Ndb4 9. d4 Bf5 10. d5 Nc2+ 11. Kf1 dxc5 12. e4 Nxa1 13. exf5 Nd4 14. Be4 Qf6 15. Bb2 Nxf5 16. Qxa1 Ne3+ 0-1

[Event "Scarborough CC Spring Into Summer U2000"]
[Site "Toronto"]
[Date "2011.06.30"]
[Round "9"]
[White "Maister, Martin"]
[Black "Verde, Pino"]
[Result "1-0"]
[WhiteElo "1733"]
[BlackElo "1660"]
[PlyCount "101"]
[EventDate "2011.04.28"]
[EventType "swiss"]
[EventRounds "9"]
[EventCountry "CAN"]
[SourceTitle "EXT 2022"]
[Source "ChessBase"]
[SourceDate "2021.10.06"]
[SourceVersion "1"]
[SourceVersionDate "2021.10.06"]
[SourceQuality "1"]

1. c4 c5 2. Nc3 Nc6 3. g3 b6 4. Bg2 Bb7 5. e4 e6 6. Nge2 Nf6 7. 0-0 Be7 8. a3 0-0 9. e5 Ng4 10. f4 a6 11. Bf3 Nh6 12. d3 Qc7 13. Be3 Nf5 14. Bf2 Ncd4 15. Nxd4 cxd4 16. Bxb7 Qxb7 17. Ne4 Ne3 18. Bxe3 dxe3 19. Qf3 d5 20. exd6 Kh8 21. dxe7 Qxe7 22. Qxe3 Rad8 23. Rfd1 f6 24. b4 e5 25. fxe5 Qxe5 26. Qxb6 Rxd3 27. Rxd3 Qxa1+ 28. Kg2 Qa2+ 29. Nf2 Qxc4 30. Qd6 Qc8 31. Qd5 f5 32. Rd4 h6 33. Rc4 Qe8 34. Rd4 Qe3 35. Rd3 Qg5 36. Nh3 Qf6 37. Nf4 Rc8 38. Rd2 g5 39. Ne6 Re8 40. Nc5 f4 41. gxf4 gxf4 42. Ne4 f3+ 43. Kf1 Qa1+ 44. Rd1 Qg7 45. Ng3 Qe7 46. Qd4+ Kg8 47. Qg4+ Kh8 48. Qd4+ Kg8 49. Kf2 Rf8 50. Qg4+ Kh8 51. Rd7 1-0

[Event "Scarborough CC Spring Into Summer U2000"]
[Site "Toronto"]
[Date "2011.06.16"]
[Round "7"]
[White "Bellomo, Joe"]
[Black "Maister, Martin"]
[Result "1/2-1/2"]
[WhiteElo "1674"]
[BlackElo "1733"]
[PlyCount "90"]
[EventDate "2011.04.28"]
[EventType "swiss"]
[EventRounds "9"]
[EventCountry "CAN"]
[SourceTitle "EXT 2022"]
[Source "ChessBase"]
[SourceDate "2021.10.06"]
[SourceVersion "1"]
[SourceVersionDate "2021.10.06"]
[SourceQuality "1"]

1. e4 c5 2. Nf3 d6 3. d4 cxd4 4. Nxd4 e6 5. Be2 Nf6 6. Nc3 Be7 7. 0-0 0-0 8. Be3 Nc6 9. Kh1 a6 10. f4 Qc7 11. Bf3 Nxd4 12. Bxd4 Rd8 13. Qe1 e5 14. Be3 b5 15. Qf2 Rb8 16. Nd5 Nxd5 17. exd5 Bb7 18. Bb6 Qc4 19. Bxd8 Bxd8 20. fxe5 dxe5 21. Rad1 f6 22. b3 Qf4 23. Qe2 Qh6 24. d6 Bxf3 25. Qxf3 Qg6 26. Qd5+ Kh8 27. d7 h5 28. Qd6 Ra8 29. Rd3 h4 30. Qd5 Ra7 31. Rh3 Qg4 32. Qd1 Qxd1 33. Rxd1 g5 34. Rf3 Kg7 35. Rd6 Rc7 36. Rf2 Rc5 37. h3 e4 38. Rfxf6 Bxf6 39. Rxf6 Rd5 40. Re6 Rxd7 41. Rxe4 Kf6 42. Kg1 Rd2 43. c4 bxc4 44. Rxc4 Rxa2 45. Rc5 Rb2 1/2-1/2

[Event "Scarborough CC Spring Into Summer U2000"]
[Site "Toronto"]
[Date "2011.06.09"]
[Round "6"]
[White "Sharpe, Michael D"]
[Black "Maister, Martin"]
[Result "1-0"]
[WhiteElo "1662"]
[BlackElo "1733"]
[PlyCount "79"]
[EventDate "2011.04.28"]
[EventType "swiss"]
[EventRounds "9"]
[EventCountry "CAN"]
[SourceTitle "EXT 2022"]
[Source "ChessBase"]
[SourceDate "2021.10.06"]
[SourceVersion "1"]
[SourceVersionDate "2021.10.06"]
[SourceQuality "1"]

1. e4 c5 2. Nf3 d6 3. d4 cxd4 4. Nxd4 Nf6 5. Nc3 a6 6. Be2 e6 7. Be3 Be7 8. 0-0 0-0 9. Kh1 Nc6 10. a4 Nxd4 11. Bxd4 b6 12. f4 d5 13. Bf3 Bb7 14. Re1 dxe4 15. Nxe4 Nxe4 16. Bxe4 Bxe4 17. Rxe4 Bf6 18. Be5 Bxe5 19. fxe5 Qc7 20. Qe2 Qc6 21. Rd1 Rfd8 22. Red4 Rxd4 23. Rxd4 h6 24. Qf3 Qxf3 25. gxf3 b5 26. a5 Rc8 27. c3 Rc6 28. Rd8+ Kh7 29. Rd6 Rc5 30. Rxa6 Rxe5 31. b4 Kg6 32. Rb6 Rd5 33. a6 h5 34. Rxb5 Rd8 35. a7 Ra8 36. Ra5 f5 37. b5 h4 38. Kg2 Kg5 39. b6 Kf4 40. b7 1-0

[Event "Scarborough CC Spring Into Summer U2000"]
[Site "Toronto"]
[Date "2011.06.02"]
[Round "5"]
[White "Maister, Martin"]
[Black "Radpey, Abdolreza"]
[Result "1-0"]
[WhiteElo "1733"]
[BlackElo "1710"]
[PlyCount "122"]
[EventDate "2011.04.28"]
[EventType "swiss"]
[EventRounds "9"]
[EventCountry "CAN"]
[SourceTitle "EXT 2022"]
[Source "ChessBase"]
[SourceDate "2021.10.06"]
[SourceVersion "1"]
[SourceVersionDate "2021.10.06"]
[SourceQuality "1"]

1. e4 d6 2. d4 e6 3. Nf3 g6 4. Be2 Bg7 5. 0-0 Ne7 6. Nc3 b6 7. h3 Bb7 8. Bf4 Nd7 9. Qd2 h6 10. Rfe1 g5 11. Bg3 Ng6 12. Rad1 f6 13. Nh2 h5 14. Nf1 a6 15. Bd3 e5 16. dxe5 fxe5 17. Ne3 0-0 18. Nf5 Qf6 19. Qe2 h4 20. Bh2 b5 21. a4 Nf4 22. Bxf4 exf4 23. Nxg7 Kxg7 24. axb5 Ne5 25. f3 Nxd3 26. Qxd3 axb5 27. Qxb5 Rab8 28. Qc4 Qf7 29. Qd4+ Kh7 30. b3 Rfe8 31. Nd5 Re5 32. Qa7 Ree8 33. Qa5 Rbc8 34. c4 Re5 35. Ra1 c6 36. Qb6 cxd5 37. cxd5 Qc7 38. Qxc7+ Rxc7 39. b4 Re8 40. b5 Rb8 41. b6 Rc5 42. Rec1 Rxc1+ 43. Rxc1 Rc8 44. Ra1 Kg6 45. Ra7 Rb8 46. Kf2 Kf6 47. Ke2 Ke5 48. Ra4 Ra8 49. Rb4 Ra2+ 50. Kf1 Rc2 51. Kg1 Rc8 52. Ra4 Kf6 53. Kf2 Ke7 54. Ke1 Kd8 55. Ra7 Rb8 56. Kd2 Kc8 57. Ra3 Ra8 58. Rc3+ Kb8 59. Rc2 Ra1 60. Kc3 Ba6 61. Kb2 Ra5 1-0

[Event "Scarborough CC-ch Reserves"]
[Site "Toronto"]
[Date "2011.04.21"]
[Round "9"]
[White "Maister, Martin"]
[Black "Radpey, Abdolreza"]
[Result "0-1"]
[WhiteElo "1772"]
[BlackElo "1646"]
[PlyCount "70"]
[EventDate "2011.02.24"]
[EventType "swiss"]
[EventRounds "9"]
[EventCountry "CAN"]
[SourceTitle "EXT 2022"]
[Source "ChessBase"]
[SourceDate "2021.10.06"]
[SourceVersion "1"]
[SourceVersionDate "2021.10.06"]
[SourceQuality "1"]

1. c4 Nf6 2. Nc3 e6 3. e4 e5 4. f4 d6 5. fxe5 dxe5 6. Nf3 Nc6 7. d3 Bc5 8. Na4 Bd4 9. Nxd4 Nxd4 10. Be2 Nxe2 11. Qxe2 Bg4 12. Qe3 Bd7 13. Nc3 Ng4 14. Qg3 h5 15. 0-0 c6 16. Nd1 h4 17. Qf3 f6 18. h3 Nh6 19. b3 Nf7 20. Be3 Be6 21. Bf2 Qd7 22. Nc3 Rh6 23. Rad1 Rg6 24. Kh1 0-0-0 25. Na4 Ng5 26. Qe3 b6 27. Qe2 Kb7 28. Bxh4 Nf7 29. Rf3 Rh8 30. Be1 Bg4 31. Kh2 Ng5 32. h4 Bxf3 33. gxf3 Qh3+ 34. Kg1 Nxf3+ 35. Kf2 Rg2+ 0-1

[Event "Scarborough CC-ch Reserves"]
[Site "Toronto"]
[Date "2011.03.10"]
[Round "3"]
[White "Maister, Martin"]
[Black "Zotkin, Daniel"]
[Result "1/2-1/2"]
[WhiteElo "1772"]
[BlackElo "1681"]
[PlyCount "104"]
[EventDate "2011.02.24"]
[EventType "swiss"]
[EventRounds "9"]
[EventCountry "CAN"]
[SourceTitle "EXT 2022"]
[Source "ChessBase"]
[SourceDate "2021.10.06"]
[SourceVersion "1"]
[SourceVersionDate "2021.10.06"]
[SourceQuality "1"]

1. c4 e5 2. Nc3 Nf6 3. g3 d5 4. cxd5 Nxd5 5. Bg2 Be6 6. Nf3 Nc6 7. 0-0 Be7 8. d3 0-0 9. Bd2 h6 10. Rc1 Nxc3 11. Bxc3 Bf6 12. b3 Qd7 13. Re1 a5 14. Nd2 a4 15. Bxc6 bxc6 16. Ne4 axb3 17. axb3 Qd5 18. Qd2 Be7 19. Bb4 Bxb4 20. Qxb4 Rfb8 21. Qc5 Rb6 22. Qe7 Qd8 23. Qxd8+ Rxd8 24. Nc5 Bxb3 25. Nxb3 Rxb3 26. Rxc6 Rd7 27. Rec1 Rb2 28. Kf1 Rb7 29. g4 f6 30. h4 Kf7 31. h5 Ke7 32. f3 Kd8 33. Kf2 Rd6 34. R6c4 Kd7 35. Ke3 c6 36. R1c2 Rc7 37. Ke4 Ke6 38. R2c3 Kf7 39. Ra4 Rcd7 40. Rcc4 Ke6 41. Ke3 Kf7 42. Ra6 Rc7 43. Rb6 Ke6 44. Ke4 Kf7 45. e3 g6 46. hxg6+ Kxg6 47. Rc1 Kg5 48. Rh1 Rf7 49. Rh5+ Kg6 50. Rb2 Ra7 51. Rb4 Rad7 52. Rb3 Ra7 1/2-1/2

[Event "Scarborough CC Falling Leaves U2000"]
[Site "Toronto"]
[Date "2010.12.09"]
[Round "7"]
[White "Maister, Martin"]
[Black "Armstrong, Robert J"]
[Result "0-1"]
[WhiteElo "1827"]
[BlackElo "1794"]
[PlyCount "86"]
[EventDate "2010.10.28"]
[EventType "swiss"]
[EventRounds "7"]
[EventCountry "CAN"]
[SourceTitle "EXT 2022"]
[Source "ChessBase"]
[SourceDate "2021.10.06"]
[SourceVersion "1"]
[SourceVersionDate "2021.10.06"]
[SourceQuality "1"]

1. c4 g6 2. Nf3 Bg7 3. d4 Nf6 4. Nc3 0-0 5. e4 d6 6. Be2 Nc6 7. h3 e5 8. dxe5 dxe5 9. 0-0 Be6 10. Be3 Qc8 11. Qc2 Nh5 12. Ng5 Nf4 13. Nxe6 Nxe2+ 14. Qxe2 fxe6 15. Rad1 Nd4 16. Qg4 c5 17. Ne2 Qc6 18. Bxd4 cxd4 19. b3 Rf7 20. Rd3 Raf8 21. h4 Rf6 22. f3 Bh6 23. Qh3 Be3+ 24. Kh1 b5 25. Rb1 bxc4 26. bxc4 Qxc4 27. Rbb3 Qc2 28. Ng1 Qf2 29. Qh2 Qe1 30. Rb2 Rf4 31. Re2 Qc1 32. Rdxe3 dxe3 33. Qh3 Kf7 34. Kh2 Rd8 35. Qg3 Rd1 36. Qg5 Rxg1 37. Qxe5 Rh1+ 38. Kg3 Rhxh4 39. Qd6 Kg7 40. Qxe6 Qc5 41. Rb2 Qg5+ 42. Qg4 Rfxg4+ 43. fxg4 Qxg4# 0-1

[Event "Scarborough CC Falling Leaves U2000"]
[Site "Toronto"]
[Date "2010.12.02"]
[Round "6"]
[White "Ugodnikov, Arkadiy"]
[Black "Maister, Martin"]
[Result "1/2-1/2"]
[WhiteElo "1866"]
[BlackElo "1827"]
[PlyCount "80"]
[EventDate "2010.10.28"]
[EventType "swiss"]
[EventRounds "7"]
[EventCountry "CAN"]
[SourceTitle "EXT 2022"]
[Source "ChessBase"]
[SourceDate "2021.10.06"]
[SourceVersion "1"]
[SourceVersionDate "2021.10.06"]
[SourceQuality "1"]

1. e4 c5 2. Nf3 d6 3. Bb5+ Bd7 4. Bxd7+ Qxd7 5. c4 Nc6 6. Nc3 e5 7. 0-0 Nge7 8. d3 g6 9. Bg5 Bg7 10. Qd2 0-0 11. Bh6 f5 12. Bxg7 Kxg7 13. Nd5 Nxd5 14. cxd5 Nd4 15. Nxd4 exd4 16. f3 f4 17. b4 b6 18. bxc5 bxc5 19. Rfe1 Rab8 20. Rab1 g5 21. Qe2 Qc7 22. Qc2 Rxb1 23. Rxb1 Rb8 24. Rxb8 Qxb8 25. Kf2 h5 26. Qd2 Qb6 27. Ke2 Qb1 28. Kf2 h4 29. h3 Kf6 30. Qe2 a5 31. e5+ dxe5 32. Qe4 Qxa2+ 33. Kg1 Qb1+ 34. Kh2 Qb7 35. Qe1 Qxd5 36. Qxa5 Qd6 37. Qa8 Qe7 38. Qc6+ Kg7 39. Qd5 Qc7 40. Qe4 Kf6 1/2-1/2

[Event "Scarborough CC Falling Leaves U2000"]
[Site "Toronto"]
[Date "2010.11.25"]
[Round "5"]
[White "Maister, Martin"]
[Black "Bellissimo, Joseph F"]
[Result "1/2-1/2"]
[WhiteElo "1827"]
[BlackElo "1890"]
[PlyCount "75"]
[EventDate "2010.10.28"]
[EventType "swiss"]
[EventRounds "7"]
[EventCountry "CAN"]
[SourceTitle "EXT 2022"]
[Source "ChessBase"]
[SourceDate "2021.10.06"]
[SourceVersion "1"]
[SourceVersionDate "2021.10.06"]
[SourceQuality "1"]

1. Nf3 d5 2. g3 c5 3. Bg2 Nc6 4. d4 cxd4 5. Nxd4 Nf6 6. 0-0 e5 7. Nxc6 bxc6 8. c4 e4 9. cxd5 cxd5 10. Bg5 Be7 11. Nc3 Be6 12. Rc1 Qd7 13. Qd2 h6 14. Bxf6 Bxf6 15. f3 Bg5 16. f4 Bd8 17. f5 Bxf5 18. Qxd5 Qxd5 19. Nxd5 Bg6 20. Nc7+ Bxc7 21. Rxc7 0-0 22. Rfc1 Rfd8 23. e3 Rd3 24. R7c3 Rad8 25. Bf1 Rd2 26. R1c2 Bf5 27. Rxd2 Rxd2 28. Rb3 Be6 29. Rb8+ Kh7 30. a3 Rc2 31. Rb4 f5 32. Rb7 a5 33. b4 axb4 34. axb4 Rc1 35. Kf2 Rc2+ 36. Kg1 Rc1 37. Kf2 Rc2+ 38. Kg1 1/2-1/2

[Event "Toronto Howard Ridout Swiss U2000"]
[Site "Toronto"]
[Date "2010.10.21"]
[Round "6"]
[White "Bellomo, Joe"]
[Black "Maister, Martin"]
[Result "1/2-1/2"]
[WhiteElo "1696"]
[BlackElo "1911"]
[PlyCount "100"]
[EventDate "2010.09.09"]
[EventType "swiss"]
[EventRounds "6"]
[EventCountry "CAN"]
[SourceTitle "EXT 2022"]
[Source "ChessBase"]
[SourceDate "2021.10.06"]
[SourceVersion "1"]
[SourceVersionDate "2021.10.06"]
[SourceQuality "1"]

1. e4 c5 2. Nf3 d6 3. d4 cxd4 4. Nxd4 Nf6 5. Nc3 a6 6. Bc4 e6 7. 0-0 b5 8. Bd3 Bb7 9. a3 Nbd7 10. Kh1 Ne5 11. f4 Nxd3 12. cxd3 Be7 13. Be3 Nd7 14. Qg4 g6 15. Nxe6 fxe6 16. Qxe6 Nc5 17. Qh3 Qd7 18. Qg3 0-0-0 19. Nd5 Bxd5 20. exd5 Qf5 21. Rac1 Kb7 22. Bxc5 dxc5 23. Rfe1 Bd6 24. Re4 Qxd5 25. Rce1 Rhf8 26. Qf3 Rd7 27. Qg4 Qf5 28. Qf3 Kb6 29. g4 Qd5 30. Kg1 Re7 31. Qh3 Rxe4 32. Rxe4 c4 33. Qe3+ Bc5 34. d4 Bd6 35. h4 h5 36. g5 Qf5 37. Kh1 Qg4 38. d5+ Ka5 39. Qc3+ Kb6 40. Qe3+ Ka5 41. Qc3+ b4 42. axb4+ Bxb4 43. Qxc4 Qxh4+ 44. Kg2 Qg4+ 45. Kf2 Qh4+ 46. Kf3 Qh3+ 47. Kf2 Qh2+ 48. Kf3 Qh1+ 49. Kf2 Qh2+ 50. Kf3 Qxb2 1/2-1/2

[Event "Toronto Howard Ridout Swiss U2000"]
[Site "Toronto"]
[Date "2010.10.14"]
[Round "5"]
[White "Maister, Martin"]
[Black "Huston, Scott"]
[Result "1-0"]
[WhiteElo "1911"]
[BlackElo "1736"]
[PlyCount "105"]
[EventDate "2010.09.09"]
[EventType "swiss"]
[EventRounds "6"]
[EventCountry "CAN"]
[SourceTitle "EXT 2022"]
[Source "ChessBase"]
[SourceDate "2021.10.06"]
[SourceVersion "1"]
[SourceVersionDate "2021.10.06"]
[SourceQuality "1"]

1. c4 Nf6 2. Nc3 e6 3. d4 Bb4 4. g3 c5 5. Nf3 d5 6. Bg2 0-0 7. 0-0 Nbd7 8. cxd5 exd5 9. a3 Bxc3 10. bxc3 cxd4 11. cxd4 Nb6 12. Ne5 Ng4 13. a4 Nxe5 14. dxe5 Be6 15. Ba3 Re8 16. f4 Nc4 17. Bc5 b6 18. Bd4 Qd7 19. Qd3 Bh3 20. Bxh3 Qxh3 21. e4 Qd7 22. Rfd1 a6 23. Qb3 b5 24. exd5 Qxd5 25. Bf2 Qc6 26. Rdc1 Rab8 27. axb5 axb5 28. Rab1 Qe4 29. Re1 Qb7 30. Qb4 Red8 31. Red1 Qf3 32. Qe1 Rxd1 33. Qxd1 Qxd1+ 34. Rxd1 Kf8 35. Bc5+ Ke8 36. Bb4 Rd8 37. Rxd8+ Kxd8 38. Kf2 Kd7 39. Kf3 Ke6 40. Ke4 f5+ 41. exf6 gxf6 42. g4 Nd6+ 43. Kd4 f5 44. Bxd6 Kxd6 45. g5 b4 46. Kc4 b3 47. Kxb3 Kd5 48. h4 Ke6 49. h5 Kf7 50. Kc4 Kg7 51. Kd5 h6 52. g6 Kf6 53. Kd6 1-0

[Event "Scarborough CC LH Summer op"]
[Site "Toronto"]
[Date "2010.06.24"]
[Round "8"]
[White "Maister, Martin"]
[Black "Bellissimo, Joseph F"]
[Result "0-1"]
[WhiteElo "1864"]
[BlackElo "1881"]
[PlyCount "110"]
[EventDate "2010.04.29"]
[EventType "swiss"]
[EventRounds "8"]
[EventCountry "CAN"]
[SourceTitle "EXT 2022"]
[Source "ChessBase"]
[SourceDate "2021.10.06"]
[SourceVersion "1"]
[SourceVersionDate "2021.10.06"]
[SourceQuality "1"]

1. c4 e6 2. Nf3 Nf6 3. d4 d5 4. Nc3 c6 5. cxd5 exd5 6. e3 Bd6 7. Bd3 Nbd7 8. h3 0-0 9. 0-0 Re8 10. Re1 Ne4 11. Bxe4 dxe4 12. Nd2 Nf6 13. a3 a5 14. Qc2 Qe7 15. Nc4 Bc7 16. b3 b5 17. Nd2 Qd6 18. Nf1 Ba6 19. Bb2 b4 20. Ne2 Bd3 21. Qd2 Nd5 22. axb4 Qxb4 23. Qd1 a4 24. Ba3 Qxb3 25. Qc1 Ba5 26. Nd2 Qb5 27. Ng3 Bc3 28. Ra2 Qa5 29. Rd1 Rab8 30. Bb2 Bxb2 31. Rxb2 Rxb2 32. Qxb2 a3 33. Qb7 Bb5 34. Ngxe4 a2 35. Nb3 Qa8 36. Qxa8 Rxa8 37. Ra1 Nb4 38. Nc3 Bc4 39. d5 Bxb3 40. dxc6 Nxc6 41. f4 Nb4 42. Nxa2 Rxa2 43. Rc1 Rc2 44. Rb1 Rc3 45. Kf2 f5 46. g4 g6 47. g5 Nd5 48. Ra1 Rxe3 49. Ra8+ Kg7 50. Ra7+ Re7 51. Ra6 Nxf4 52. Kg3 Nh5+ 53. Kf3 Bd5+ 54. Kf2 Bc4 55. Kf3 Bxa6 0-1

[Event "Scarborough CC LH Summer op"]
[Site "Toronto"]
[Date "2010.05.27"]
[Round "4"]
[White "Maister, Martin"]
[Black "Pedersen, Rune Linnebo"]
[Result "0-1"]
[WhiteElo "1864"]
[BlackElo "2342"]
[PlyCount "106"]
[EventDate "2010.04.29"]
[EventType "swiss"]
[EventRounds "8"]
[EventCountry "CAN"]
[SourceTitle "EXT 2022"]
[Source "ChessBase"]
[SourceDate "2021.10.06"]
[SourceVersion "1"]
[SourceVersionDate "2021.10.06"]
[SourceQuality "1"]

1. Nf3 c5 2. c4 g6 3. g3 b6 4. Nc3 Bg7 5. Bg2 Bb7 6. 0-0 Nf6 7. Re1 d5 8. cxd5 Nxd5 9. Qa4+ Bc6 10. Qb3 0-0 11. d3 Nc7 12. Be3 e5 13. a4 Nba6 14. Nd2 Bxg2 15. Kxg2 Kh8 16. Nde4 h6 17. Nb5 Nb4 18. Nxc7 Qxc7 19. a5 f5 20. axb6 axb6 21. Nc3 Rad8 22. Bd2 f4 23. f3 Qb7 24. Nb5 e4 25. Bxb4 exf3+ 26. exf3 fxg3 27. Re4 cxb4 28. hxg3 Qd5 29. Qxd5 Rxd5 30. Rxb4 Rxd3 31. Nc3 Rd2+ 32. Kh3 Rxb2 33. Rxb2 Bxc3 34. Rxb6 Bxa1 35. Rxg6 Bg7 36. f4 Kh7 37. Ra6 Rd8 38. Kg4 Rd5 39. Rc6 Bf8 40. Rc7+ Kg6 41. Rc8 Bg7 42. Rc6+ Bf6 43. Ra6 Rd3 44. f5+ Kf7 45. Ra7+ Be7 46. Rb7 Kf6 47. Rb6+ Bd6 48. Kh5 Kxf5 49. g4+ Kf6 50. Kh4 Kf7 51. Ra6 Be7+ 52. g5 hxg5+ 53. Kh5 Rd4 0-1

[Event "Scarborough CC LH Summer op"]
[Site "Toronto"]
[Date "2010.05.20"]
[Round "3"]
[White "Stewart, Frankie"]
[Black "Maister, Martin"]
[Result "0-1"]
[WhiteElo "1794"]
[BlackElo "1864"]
[PlyCount "20"]
[EventDate "2010.04.29"]
[EventType "swiss"]
[EventRounds "8"]
[EventCountry "CAN"]
[SourceTitle "EXT 2022"]
[Source "ChessBase"]
[SourceDate "2021.10.06"]
[SourceVersion "1"]
[SourceVersionDate "2021.10.06"]
[SourceQuality "1"]

1. c4 c5 2. e4 Nc6 3. f4 e5 4. f5 Qh4+ 5. Ke2 Qxe4+ 6. Kf2 Qxf5+ 7. Nf3 e4 8. Qe1 Be7 9. g4 Bh4+ 10. Ke3 Qxf3# 0-1

[Event "Scarborough CC-ch Reserves op"]
[Site "Toronto"]
[Date "2010.04.15"]
[Round "8"]
[White "Armstrong, Robert J"]
[Black "Maister, Martin"]
[Result "0-1"]
[WhiteElo "1712"]
[BlackElo "1875"]
[PlyCount "90"]
[EventDate "2010.02.25"]
[EventType "swiss"]
[EventRounds "9"]
[EventCountry "CAN"]
[SourceTitle "EXT 2022"]
[Source "ChessBase"]
[SourceDate "2021.10.06"]
[SourceVersion "1"]
[SourceVersionDate "2021.10.06"]
[SourceQuality "1"]

1. d4 Nf6 2. c4 c5 3. d5 b5 4. cxb5 a6 5. Nc3 axb5 6. Nxb5 Ba6 7. Nc3 g6 8. g3 Bg7 9. Bg2 d6 10. Nf3 0-0 11. 0-0 Nbd7 12. Re1 Qb6 13. e4 Ng4 14. h3 Nge5 15. Nxe5 Nxe5 16. Kh2 Nd3 17. Re2 Nxc1 18. Rxc1 Bxe2 19. Qxe2 c4 20. f4 Rfb8 21. Rc2 Bxc3 22. bxc3 Qc5 23. e5 Ra3 24. exd6 exd6 25. f5 Kg7 26. fxg6 hxg6 27. Qe7 Rba8 28. Qe2 R8a4 29. g4 Qa7 30. Qe4 Rxa2 31. Rxa2 Rxa2 32. Qxc4 Qf2 33. Qe4 Re2 34. Qd4+ Qxd4 35. cxd4 g5 36. Kg3 Rd2 37. Bf3 Rxd4 38. h4 gxh4+ 39. Kxh4 Kh6 40. Kh3 Rd3 41. Kg3 Kg5 42. Kf2 Kf4 43. Be2 Rd4 44. Bf3 f6 45. Be2 Rxd5 0-1